Bardejov do prvej štvorky 1. liga basketbalistiek - 18. kolo: V banskobystrickom derby jasná prevaha tímu UMB

Bibliographic Details
Format: Article
Language:Slovak
Subjects:

MARC

LEADER 00000nab a2200000 a 4500
001 vtls000712642
003 SK-MaSNL
005 20260302194107.0
008 180206c2000 xo 0 slo
015 |a SNBRB2000/02-03604 
035 |a CLN000064809 
040 |a SNKBUCL  |b slo  |c SNKBUCL  |e AACR2 
041 0 |a slo 
044 |a xo  |c SK 
080 |a 796.323.093.1  |2 UDC-MRF-SK2 
245 0 0 |a Bardejov do prvej štvorky  |b 1. liga basketbalistiek - 18. kolo: V banskobystrickom derby jasná prevaha tímu UMB 
650 0 7 |a basketbal  |x ženy  |x liga 1.  |y sezóna 1999/2000  |x kolo 18.  |2 snkbucl  |9 913675 
655 7 |a články z novín a časopisov  |2 snkbucl  |9 267496 
773 0 |t Šport  |g Roč. 54, č. 27 (3.2.2000), s. 5 
850 |a Slovenská národná knižnica v Martine 
852 |a SNK  |b KIS3GCP 
958 |a RBX 
999 |c 1447310  |d 1449240